000 00926nam a2200253 a 4500
008 170302t1972 mx ||||f |||| 001 0 spa d
020 _aS/N
041 _aspa
092 _c170
_l26
_sFRO
100 1 _aFrondizi, Risieri
_91043
245 1 _a¿Qué son los valores?.
_bBreviario /
_cRisieri Frondizi
250 _a5a ed. corregida y aumentada
260 _aMexico:
_bFondo de Cultura Economica;
_c1972.
300 _a190 p.
500 _aFrondizi, R. (1972). ¿Qué son los valores?. Breviario. (5a ed.). México : Fondo de Cultura Económica.
590 _aDonacion Dora Vera, febrero 2017.
653 1 _a¿Que son los valores?
653 _aProblemas fundamentales de la axiologia
653 4 _aLas droctinas subjetivistas
653 _aScheler y el apriorismo material de los valores
653 _aCritica al subjetivismo y objetivismo axiologicos
653 _aValor, estructura y situacion
942 _2ddc
_cBK
999 _c2387
_d2387